000 00647nam a2200253Ia 4500
005 20260121160937.0
008 008 260114s9999 xx 000 0 eng d
020 _a9781315545752
037 _aEBOOK
040 _aCRL
040 _beng
040 _cCRL
041 _2eng
041 _aeng
084 _qCRL
100 _a Dion C. Smythe; Przemyslaw Marciniak
_91038251
245 4 _aThe Reception of Byzantium in European Culture since 1500
260 _bTaylor and Francis
260 _c2016
856 _uhttp://www.taylorfrancis.com/books/9781315545752
942 _cEBOOK
999 _c1605067
_d1605067